00974nam a2200193 i 450000100060000000300090000600500170001500700030003200800410003524501110007626000560018730000200024350000600026350502710032365000730059471000460066785200310071385200360074439068ES-MaACL20230906155902.0t|030227m19491954sp ||||1| spa d00aCampañas en los Pirineos a finales del siglo XVIII b: 1793-1795 /cEstado Mayor Central del Ejército. aMadrid : bServicio Historico Militar, c1949-1954. a4 v. ; c28 cm. aPrecede al tít.: Estado Mayor Central del Ejército.8 aContiene: I. Antecedentes.- 341 pág. + 24 lám. II. Campaña del Rosellón. 862 pág. III. Campaña de Cataluña: Vol. I 1793-95 ; II: 1793-95 9(46:44 ; "1793/95" 355.48(46:44)"1793/95" IV. La guerra en los Pirineos Occidentales y centrales. Síntesis final 4aGuerra de la primera coalición, 1792-1797-xCampañas-zEspaña.1 aEspaña. bServicio Histórico Militar. aES-MaACLjP-1011 bR.45948 aES-MaACLjP-764-Bis z.- (2 v.)